000 00291nam a22001337a 4500
008 170216b xxu||||| |||| 00| 0 eng d
020 _a9780323018012
041 _aeng
080 _a615
100 _a5
101 _aSHF
245 _aMOSBY'S DRUG CONSULT
_cABERNETHY, D.R
942 _2udc
_cBK
999 _c5729
_d5729